000 01036nam a22003137a 4500
003 CHAP
005 20220329140105.0
008 971013s1984 r 10010 d
010 _a46833
011 _a47805
035 _a51948
040 _cCHAP
082 _a312.063
_bR4 1984
111 0 0 _aReunión Nacional sobre Población, Recursos, Medio Ambiente y Desarrollo (
_d1984
_c: Tijuana, B. C.)
_996590
245 _aMemoria
260 _aTijuana, B. C. :
_bConsejo Nacional de Población,
_c1984
300 _a120 p.
590 _aBATCH-UPD
_b10
_c20130110
_lUCH01
_h0143
590 _aBATCH-UPD
_b10
_c20130110
_lUCH01
_h2005
590 _aBATCH-UPD
_b10
_c20130409
_lUCH01
_h2142
590 _aBATCH-UPD
_b10
_c20130410
_lUCH01
_h1325
590 _aBATCH-UPD
_b10
_c20130914
_lUCH01
_h1808
590 _aCONVERSION
_b10
_c20130109
_lUCH01
_h1326
650 1 4 _aMedio ambiente.
_974065
650 1 4 _aPoblación
_xCongresos.
_989366
901 _aBK
942 _cLIBRO
949 _a312.063 R4 1984
_bBC
_cCONG
_d-116004
_eCONG
_h73472
_i51948
_si
999 _c46833
_d46833